Paris en 24 questions - Statistiques

Statistiques générales
  • Ce quiz a été pris 108 fois
  • Le résultat moyen est 18 sur 24
Statistiques - réponses
Questions Réponses % Correct
Quel est l'arrondissement parisien le moins peuplé (chiffres 2021) ? le 1er (15.919 habitants)
99%
Quel est l'arrondissement parisien le plus peuplé (chiffres 2021) ? le 15eme (227.746 habitants)
97%
Quel est l'arrondissement parisien le plus étendu ? le 16eme (1.637ha)
95%
Quel est l'arrondissement parisien le plus petit ? le 2eme (99ha)
93%
Quel est l'arrondissement parisien le plus vaste (hors bois) ? le 15eme (848ha)
90%
Quel est l'arrondissement parisien le plus densément peuplé ? le 11eme (38.851 hab/km2)
86%
Dans quel arrondissement parisien se trouve Notre-Dame de Paris ? le 4eme
86%
Quel est l'arrondissement parisien le moins densément peuplé (hors bois) ? le 1er (8.699 hab/km2)
85%
Dans quel arrondissement parisien se trouve le Chinatown parisien? le 13eme
84%
Dans quel arrondissement parisien peut on voir la Statue de la Liberté ? le 16eme
84%
Dans quel arrondissement se trouve le point culminant de Paris ? le 18eme (Montmartre - 128,21 mètres)
84%
Quel est l'arrondissement parisien avec le plus de stations de métro ? le 11eme (25)
82%
Quel est l'arrondissement parisien le plus cher (chiffres 2024) ? le 6eme (15.320 €/m²)
82%
Quel est l'arrondissement parisien le plus vert (en % de la surface, hors bois) ? le 1er (18,9%)
81%
Quel est l'arrondissement parisien le plus vert (en surface, hors bois) ? le 19eme (97,57ha)
80%
Dans quel arrondissement se trouve la rue la plus etroite de Paris ? le 5eme (rue du Chat-qui-pêche, 1,80m)
78%
Dans quel arrondissement se trouve la plus petite rue de Paris le 2eme (rue des Degrés, 5,75m)
77%
Dans quel arrondissement se trouve la rue la plus pentue de Paris ? le 20ème (rue Gasnier-Guy, 17%)
74%
Dans quel arrondissement se trouve la Maison-Blanche ? le 13eme
67%
Dans quel arrondissement trouve t-on une rue dont tous les immeubles sont identiques ? le 11eme (rue des immeubles industriels)
64%
Un quartier est aussi une division administrative. Combien y en a t-il dans chaque arrondissement ? 4
55%
Combien d'arrondissements ont alors été crée ? 8
48%
Quelle ville de Normandie est parfois qualifiée de XXIeme arrondissement ? Deauville
43%
En quelle année Haussmann a t-il annexé les communes voisines pour les intégrer à Paris ? 1860
19%
Aucun quiz correspondant
Distribution des résultats
% des personnes avec chaque résultat
Percentile par nombre de réponses
Votre historique - résultats
Vous n’avez pas pris ce quiz